Milton Friedman a jeho prínos do ekonomickej vedy
Životná púť a prínos Miltona Friedmana k rozvoju ekonomickej vedy.
Salvato in:
| Autore principale: | |
|---|---|
| Natura: | Capitolo di libro |
| Lingua: | slovacco |
| Soggetti: | |
| Tags: |
Nessun Tag, puoi essere il primo ad aggiungerne!!
|
MARC
| LEADER | 00000naa$a2200000$$$4500 | ||
|---|---|---|---|
| 001 | 0057485 | ||
| 005 | 20240502071640.6 | ||
| 041 | 0 | |a slo | |
| 044 | |a SK | ||
| 245 | 1 | 0 | |a Milton Friedman a jeho prínos do ekonomickej vedy |c Vladimír Gonda |
| 520 | |a Životná púť a prínos Miltona Friedmana k rozvoju ekonomickej vedy. | ||
| 610 | 2 | 0 | |a teórie ekonomické |
| 610 | 2 | 0 | |a Friedman, M. |
| 610 | 2 | 0 | |a veda ekonomická |
| 610 | 2 | 0 | |a osobnosť |
| 610 | 2 | 0 | |a životopisy |
| 610 | 2 | 0 | |a monetarizmus |
| 100 | 1 | |a Gonda, Vladimír | |